| 000 | 01127aab a2200229 4500 | ||
|---|---|---|---|
| 001 | 768714001 | ||
| 003 | CO-MdFUSB | ||
| 005 | 20240607103502.0 | ||
| 008 | 170510s1993 cr ||||| |||| 00| 0 spa d | ||
| 022 | _a1409-1968 | ||
| 040 |
_aCO-MdFUSB _bspa _cCO-MdFUSB _dCO-MdFUSB |
||
| 041 | _aspa | ||
| 100 | 1 |
_aLibert, Samuel O. _eautor |
|
| 245 | 1 | 0 |
_aLas experiencias místicas y sus interpretaciones _c/ Samuel O. Libert |
| 300 |
_aVolumen 11. Número 2 (1993), páginas 24-25 _c: 27 cm. |
||
| 520 | _aLa doctrina cristiana no nace de la experiencia del hombre sino de la mente de Dios. La experiencia mística es un hecho , real o imaginario. Pero la interpretación de la experiencia, hecha por el protagonista, por los testigos o por quienes solamente han oído el testimonio del protagonista, es otro hecho que debe analizarse cuidadosamente. La experiencia mística, si viene de Dios, pone de manifiesto una doctrina preexistente". | ||
| 546 | _a | ||
| 653 | _aMisticismo | ||
| 773 | 0 |
_tApuntes Pastorales _049442 _960183 _gVolumen 11. Número 2 (1993), páginas 24-25 _qPágina 24 |
|
| 942 | _cANA | ||
| 945 | _aJTF-925 | ||
| 999 |
_c50701 _d50701 |
||